[Event "Stare Mesto Slavia Kromeriz op 2nd"]
[Site "Stare Mesto"]
[Date "2024.03.31"]
[Round "7"]
[White "Stary, Simon"]
[Black "Hornak, Ondrej"]
[Result "1/2-1/2"]
[WhiteElo "1853"]
[BlackElo "1707"]
[PlyCount "138"]
[EventDate "2024.03.28"]
[EventType "swiss"]
[EventRounds "7"]
[EventCountry "CZE"]
[SourceTitle "CB14_2024"]
[SourceDate "2024.04.01"]
[SourceVersion "1"]
[SourceVersionDate "2024.04.01"]
[SourceQuality "1"]

1. e4 c6 2. d4 d5 3. exd5 cxd5 4. Bd3 Nc6 5. c3 Nf6 6. Bf4 Bg4 7. Qb3 Na5 8. Qa4+ Bd7 9. Qd1 a6 10. Nf3 Bg4 11. a4 Rc8 12. Nbd2 e6 13. 0-0 Bd6 14. Bxd6 Qxd6 15. Re1 0-0 16. Qb1 Bxf3 17. Nxf3 h6 18. Ne5 Nc6 19. Qd1 Nd7 20. f4 Qe7 21. Re3 Ncxe5 22. fxe5 f5 23. exf6 Rxf6 24. Qg4 Qf7 25. Rae1 Nf8 26. R3e2 Re8 27. Qg3 Ng6 28. Bxg6 Rxg6 29. Qh3 Rf6 30. g3 Kf8 31. Qg2 g5 32. Re5 Kg7 33. R1e3 Rf8 34. Re1 g4 35. Qe2 h5 36. Qe3 Rf1+ 37. Kg2 Rxe1 38. Qxe1 Qf3+ 39. Kg1 Rf6 40. Rxh5 Kg6 41. Re5 Kf7 42. Qe2 Qxe2 43. Rxe2 Ke7 44. Re5 Rg6 45. Kg2 b5 46. axb5 axb5 47. h4 gxh3+ 48. Kxh3 Rh6+ 49. Kg2 Rf6 50. g4 Kf7 51. Kg3 Rf1 52. Re2 Rg1+ 53. Rg2 Re1 54. Kf4 Kg6 55. Kf3 Kg5 56. Kg3 Re4 57. Kf3 Re1 58. Rh2 Rf1+ 59. Ke2 Rg1 60. Rh5+ Kxg4 61. Re5 Rg2+ 62. Kd3 Rxb2 63. Rxe6 b4 64. cxb4 Rxb4 65. Re5 Rb5 66. Kc3 Kf4 67. Kd3 Ra5 68. Re8 Kf5 69. Rc8 Ra3+ 1/2-1/2

[Event "Stare Mesto Slavia Kromeriz op 2nd"]
[Site "Stare Mesto"]
[Date "2024.03.29"]
[Round "2"]
[White "Hornak, Ondrej"]
[Black "Babula, Matej"]
[Result "0-1"]
[WhiteElo "1707"]
[BlackElo "1911"]
[PlyCount "68"]
[EventDate "2024.03.28"]
[EventType "swiss"]
[EventRounds "7"]
[EventCountry "CZE"]
[SourceTitle "CB14_2024"]
[SourceDate "2024.04.01"]
[SourceVersion "1"]
[SourceVersionDate "2024.04.01"]
[SourceQuality "1"]

1. Nf3 d5 2. d4 Nf6 3. g3 Bf5 4. Bg2 e6 5. 0-0 Bd6 6. Bg5 Nbd7 7. Nbd2 h6 8. Bxf6 Nxf6 9. c4 c6 10. Rc1 0-0 11. Re1 Ne4 12. Nxe4 Bxe4 13. c5 Bc7 14. b4 f6 15. a4 a6 16. Nh4 Bxg2 17. Kxg2 f5 18. f4 Bxf4 19. e3 Bc7 20. Ng6 Rf6 21. Nf4 Qe8 22. h3 Rf8 23. g4 e5 24. Nh5 e4 25. Rf1 g6 26. Nf4 g5 27. Nh5 f4 28. exf4 gxf4 29. Qd2 Qe7 30. Rce1 Rae8 31. Qc1 Qg5 32. Kh1 Qh4 33. Nxf4 Bxf4 34. Rxf4 Qxh3+ 0-1